000
00248nam a2200109Ia 4500
008
220204s9999 xx 000 0 und d
082
_a
82-3
_b
KAY;1
100
_a
M M
245
4
_a
The Far pavilions
260
_a
New York
_b
Bantam
_c
1979
942
_c
BK
999
_c
33494
_d
33494